Countries with Lions - Statistics

General Stats
  • This quiz has been taken 524 times
  • The average score is 29 of 34
Answer Stats
Lion Country % Correct
South Africa
96%
Democratic Republic of the Congo
95%
Kenya
94%
Niger
92%
Republic of the Congo
92%
Tanzania
92%
Nigeria
91%
Zimbabwe
91%
Ethiopia
90%
Zambia
89%
Angola
88%
Botswana
88%
Sudan
88%
Chad
87%
Namibia
87%
Somalia
86%
South Sudan
86%
Uganda
86%
Mozambique
85%
Cameroon
83%
Ghana
82%
Central African Republic
81%
Mali
81%
Benin
80%
Benin
80%
Eswatini
78%
Malawi
77%
Guinea
76%
Senegal
75%
Burkina Faso
74%
Burkina Faso
74%
Ivory Coast
72%
Guinea-Bissau
71%
India
70%
No matching quizzes found
Score Distribution
Percent of People with Each Score
Percentile by Number Answered
Your Score History
You have not taken this quiz